Städte und Gemeinden im Burgenland - Sudden Death - Statistiken

Allgemein
  • Dieses Quiz wurde 54 mal gespielt
  • Das Durchschnittsergebnis liegt bei 7 aus 15
Answers on the Grid
Answers color-coded by a green-red scale on the quiz's grid according to % correct below.
Eisenstadt
Rust
Güssing
Neusiedl am See
Oberwart
Mattersburg
Frauenkirchen
Pinkafeld
Stegersbach
Deutschkreutz
Mörbisch
Jennersdorf
Bernstein
Lockenhaus
Forchtenstein
Fürstenfeld
Pottendorf
Güns
Himberg
Althofen
Krieglach
Birkfeld
Kirchschlag
Fischamend
Mistelbach
Körmend
Deutschlandsberg
Windischgarsten
Mank
Steinamanger
 
Antwortstatistiken
Antwort % Korrekt
Deutschkreutz
67%
Oberwart
67%
Eisenstadt
62%
Mattersburg
62%
Neusiedl am See
62%
Pinkafeld
57%
Rust
57%
Jennersdorf
48%
Mörbisch
48%
Forchtenstein
43%
Frauenkirchen
43%
Güssing
43%
Stegersbach
33%
Bernstein
29%
Lockenhaus
29%
Keine übereinstimmenden Quizze gefunden
Verteilung der Resultate
Anzahl Personen mit jedem Resultat
Perzentil nach korrekt beantworteten Fragen
Ihre Resultats-Entwicklung
Sie haben dieses Quiz noch nicht gespielt